Amöba sapiens
Elmentve itt :
| Szerző: | |
|---|---|
| Adatforrás: | Meister |
| Forrásdokumentuma: | Korunk. - 5 sz., 1994, 28-31 p. |
| Nyelv: | magyar |
| Kulcsszavak: | kultúrfilozófia filozófia kultúra & történelem történelem & kultúra kultúra történelem NIETZSCHE Friedrich |
| LEADER | 00522nab a2200193 i 4500 | ||
|---|---|---|---|
| 001 | bibPRO00000071 | ||
| 008 | 060524s1994 xx hun | ||
| 040 | |a Sz1 | ||
| 041 | |a hun | ||
| 100 | 1 | |a LÁSZLÓFFY Aladár | |
| 245 | 1 | 0 | |a Amöba sapiens |c LÁSZLÓFFY Aladár |
| 695 | |a kultúrfilozófia | ||
| 695 | |a filozófia | ||
| 695 | |a kultúra & történelem | ||
| 695 | |a történelem & kultúra | ||
| 695 | |a kultúra | ||
| 695 | |a történelem | ||
| 695 | |a NIETZSCHE Friedrich | ||
| 773 | 0 | |t Korunk. - |g 5 sz., 1994, 28-31 p. | |